MDQL
is popping MORE tags! Check the
thread
!
Quizzes
Events
Quiz Creation
Community
Videos
Private Events
Remove Ads
Sign In
Join for FREE
Feedback
Dark Mode
Quiz Categories
Sports
Geography
Music
Movies
Television
Just For Fun
Miscellaneous
History
Literature
Language
Science
Gaming
Entertainment
Religion
Holiday
For Kids
Quiz Lab
Recent
Popular Today
Quiz Kudos Today
Editor Picks
Curator Picks
Quizzes by...
Day
Popularity
Type
Ratings
Length
Year
Community
Subscriptions
Recent Discussions
Orange Saloon
Badges
Playlists
Quests
Create
Leaderboards
Showdown
Live 5
Trivia Bingo
Activity
Puzzle Library
Sporcle Events
Private Events
Virtual Trivia
Globe League
Become a Host
Pub Owners
SporcleCon
Opinionation
Our Games
Videos
Blog
Mobile Apps
Partnerships
Remove Ads and Go Orange
Feedback
Sports
Athletes
MLB
NBA
NHL
NFL
Soccer
Sports Teams
WWE
NCAA
Football
Premier League
Basketball
Baseball
Hockey
Golf
Tennis
Cricket
Rugby
Auto Racing
Olympics
World Cup
Sports
Athletes
MLB
NBA
NHL
NFL
Soccer
Sports Teams
WWE
NCAA
Football
Premier League
Basketball
Baseball
Hockey
Golf
Tennis
Cricket
Rugby
Auto Racing
Olympics
World Cup
Random Quiz
Search Sporcle
×
Quiz Lab
Quiz Lab
Sports
Football
Type in answers that appear in a list
Type in answers that appear in a list
Classic
Best Score? Go Orange.
Premier League Golden Boot Winners Stats
Can you name the Golden Boot winner in each Premier League season?
By
benjreed95
5m
27 Questions
572 Plays
572 Plays
572 Plays
Comments
Comments
Give Quiz Kudos
Give Quiz Kudos
-
- Ratings
hide this ad
Replay
Link that replays current quiz
Next Quiz
Link to next quiz in quiz playlist
You Got
0%
They Got
Avg Score
82%
Avg Friend Score
Upgrade to see
Score Distribution
Jump to the score distribution portion of the page
Score
0/27
Timer
05:00
0
Plays Today
Season
Player
% Correct
2016-
17
Harry Kane
98.9%
2015-
16
Harry Kane
98.6%
2014-
15
Sergio Agüero
97.6%
2001-
02
Thierry Henry
97.4%
2003-
04
Thierry Henry
97.4%
2004-
05
Thierry Henry
97.4%
2005-
06
Thierry Henry
97.4%
2017-
18
Mohamed Salah
97.4%
2018-
19
Pierre-Emerick Aubameyang/Sadio Mane/Mohamed Salah
97.4%
1994-
95
Alan Shearer
96.7%
1995-
96
Alan Shearer
96.7%
1996-
97
Alan Shearer
96.7%
2006-
07
Didier Drogba
95.3%
2009-
10
Didier Drogba
95.3%
Season
Player
% Correct
2011-
12
Robin van Persie
95.3%
2012-
13
Robin van Persie
95.3%
2013-
14
Luis Suárez
94.1%
1998-
99
Michael Owen/Dwight Yorke/Jimmy Floyd Hasselbaink
91.4%
2007-
08
Christiano Ronaldo
89.9%
2010-
11
Carlos Tevez/Dimitar Berbatov
89.7%
1997-
98
Chris Sutton/Dion Dublin/Michael Owen
87.6%
2002-
03
Ruud van Nistelrooy
83%
1993-
94
Andy Cole
80.9%
1999-
2000
Kevin Phillips
79.2%
2000-
01
Jimmy Floyd Hasselbaink
70.3%
1992-
93
Teddy Sheringham
69.8%
2008-
09
Nicolas Anelka
65.7%
Quiz Playlist
Details
Report
Send in Message
Add To Playlist
Classic:
Type in answers that appear in a list
Last Updated: Jul 1, 2017
Quiz Scoreboard
CHALLENGE
Sign Up to Join the Scoreboard
Show All
Scores
Hide
Comments
May contain spoilers
Recently Published
5x2 Blitz: Bands
by SL_Kpop136
Music
30s
Colored Red Africa Blitz
by spor1
Geography
30s
Find the 'City' Movie
by crazypaving
Movies
60s
More to Explore
Quiz From the Vault
Featured Blog Post
14 Easter Pick-up Lines to Find Eggs With
hide this ad
You Might Also Like...
Tags
Football Quiz
Premier League Quiz
Soccer Quiz
Arsenal
Chelsea
English Soccer
Golden Boot
Liverpool
Manchester United
Newcastle United
Top Scorers
Tottenham Hotspur
Today's Top Quizzes in Sports
Browse Sports
hide this ad
Today's Top Quizzes in Football
Browse Football
Top Contributed Quizzes in Sports
1
Players with Multiple 50 Home Run Seasons
2
Les entraîneurs de l'OM et du PSG au 21e siècle
3
Criteria MLB: Left Handed Sluggers
4
2022 World Cup Stars
5
Les meilleurs buteurs des matchs entre le PSG et l’OM
6
Who Hit More Homers?
7
Les joueurs passés par le PSG et l'OM
8
NBA Logic Puzzle 2.0
9
Top 10 NHL Goal Scorers of All Time
10
MLB Players with Two .350 Batting Average Seasons
Explore More
Trending Topics
Anime
Disney
NBA
Marvel
Harry Potter
Kpop
Crossword
Puzzle
Soccer
Pokémon
WWE
The Office
NFL
Country
Song
hide this ad
More By:
benjreed95
Quiz
Plays
Rating
Category
Featured
Created
Germany World Cup Squads Since 1990
2,466
5.00
Sports
Jul 10, 2020
England World Cup Squads Since 1990
1,929
5.00
Sports
Jun 30, 2020
La Liga Top Scorers
1,830
5.00
Sports
Sep 29, 2016
Chelsea Players without Chelsea
1,717
5.00
Sports
Sep 18, 2020
Italy World Cup Squads Since 1990
1,583
5.00
Sports
Jul 11, 2020
Go to Creator's Profile
Score Distribution
Quiz Creator Spotlight
benjreed95
Follow
Send a Message
Quizzes Created
-
Created Quiz Play Count
-
More By This Creator
Popular Quizzes Today
1
Find the 'City' Movie
2
Colored Red Africa Blitz
3
Find the US States - No Outlines Minefield
4
5x2 Blitz: Bands
5
The Countries of the World
6
Find the US States
7
US States
8
9x9 Crossword: Cartoon Network
More Sports Quizzes
Odd one out: Olympic sports
Curator's Pick
Trending Quizzes
Colored Red Europe Blitz I
Colored Red Africa Blitz II
Colored Red Europe Blitz II
Colored Red Africa Blitz III
Colored Red Europe Blitz III
Recently Updated
Famous TV Couples
Peacemaker
Champions League XIs: Real Madrid
pecheneg
Largest US Cities 1790-2010
pecheneg
Rides in Walt Disney World
pecheneg
Most Oscar Losses (Acting)
pecheneg
Beyoncé Albums
pecheneg
Leaping Animals
pecheneg
Reality TV Shows (A-Z)
bhenderson79
Rickey Henderson's Hall of Fame Teammates
pecheneg
Champions League XIs: Arsenal
pecheneg
Trending Topics
NBA
Anime
Crossword
Marvel
Harry Potter
Disney
Kpop
Soccer
The Office
Song
NFL
Country
WWE
Puzzle
Pokémon
Your Account Isn't Verified!
In order to create a playlist on Sporcle, you need to verify the email address you used during registration. Go to your
Sporcle Settings
to finish the process.
Report this User
Report this user for behavior that violates our
Community Guidelines
.
Details:
Send Report
Go to the Sporcle.com Mobile Site →
Comments